El embrujo del violonchelo / (Registro nro. 190548)

Detalles MARC
000 -LEADER
campo de control de longitud fija 00797nam a2200241 c 4500
001 - NÚMERO DE CONTROL
campo de control 190548
003 - IDENTIFICADOR DE NÚMERO DE CONTROL
campo de control SpMaBN
005 - FECHA Y HORA DE LA ÚLTIMA TRANSACCIÓN
campo de control 20240119112356.0
008 - DATOS DE LONGITUD FIJA--INFORMACIÓN GENERAL
campo de control de longitud fija 210901s2018 sp 000 f spa
020 ## - NÚMERO INTERNACIONAL ESTÁNDAR DEL LIBRO
Número Internacional Estándar del Libro 978-84-945959-8-1
020 ## - NÚMERO INTERNACIONAL ESTÁNDAR DEL LIBRO
Número Internacional Estándar del Libro 978-84-16574-55-1
080 ## - NÚMERO DE LA CLASIFICACIÓN DECIMAL UNIVERSAL
Número de la Clasificación Decimal Universal 821.134.2-31"19"
100 1# - ENTRADA PRINCIPAL--NOMBRE DE PERSONA
Nombre de persona Casado Flores, Juan.
9 (RLIN) 36017
245 13 - MENCIÓN DEL TÍTULO
Título El embrujo del violonchelo /
Mención de responsabilidad, etc. Juan Casado.
260 ## - PUBLICACIÓN, DISTRIBUCIÓN, ETC.
Lugar de publicación, distribución, etc. [Sant Cugat del Vallès, Barcelona] :
Nombre del editor, distribuidor, etc. Siglantana ;
Lugar de publicación, distribución, etc. [Madrid] :
Nombre del editor, distribuidor, etc. Ilusbooks,
Fecha de publicación, distribución, etc. [2018]
300 ## - DESCRIPCIÓN FÍSICA
Extensión 317 p. ;
Dimensiones 21 cm.
490 1# - MENCIÓN DE SERIE
Mención de serie Siglantana narrativa
830 1# - PUNTO DE ACCESO ADICIONAL DE SERIE-TÍTULO UNIFORME
Título uniforme Siglantana narrativa
9 (RLIN) 225900
852 4# - LOCALIZACIÓN
Ubicación ES-MaACL
Número de control de estantería A-14769
itemnumber 197726
Sublocalización o colección R,152174
Ubicación en estantería Depósito 1
Signatura antigua Olim: N-7769
Donativo/Legado Donación: Editorial
942 ## - ELEMENTOS DE ENTRADA SECUNDARIOS (KOHA)
Fuente del sistema de clasificación o colocación Clasificación decimal universal
Tipo de ítem Koha Libro impreso
Existencias
Estatus retirado Estado de pérdida Fuente del sistema de clasificación o colocación Estado de daño No para préstamo Biblioteca de origen Biblioteca actual Ubicación en estantería Fecha de adquisición Fuente de adquisición Total de préstamos Signatura topográfica completa Código de barras Visto por última vez Precio de reemplazo Tipo de ítem Koha
    Clasificación decimal universal     Biblioteca del Ateneo de Madrid Biblioteca del Ateneo de Madrid Depósito 1 01/09/2021 Donación   A-14769 1202687 23/02/2023 23/02/2023 Libro impreso